| 000 | 00693cam a2200265 4500 | ||
|---|---|---|---|
| 008 | 000000n1999 000 0 eng u | ||
| 020 | _a1900396882 | ||
| 035 | _a(Sirsi) u100117 | ||
| 041 | _aENG | ||
| 050 | _a306.3 | ||
| 100 | _aWilcox, Steve | ||
| 245 | _aHousing finance review 1999/2000. | ||
| 260 |
_aYork _bJoseph Rowntree Foundation _c1999 |
||
| 300 | _a231p. ; 21x30cm. | ||
| 350 | _a25.00 | ||
| 520 | _aWith accompanying wallchart insert. | ||
| 650 | _aHOUSE PRICES | ||
| 650 | _aHOUSE SALES | ||
| 650 | _aHOUSING CONDITIONS | ||
| 650 | _aHOUSING FINANCE | ||
| 650 | _aSTATISTICS | ||
| 690 | _aHOUSING | ||
| 710 |
_aJoseph Rowntree Foundation _92318 |
||
| 942 | _n0 | ||
| 999 |
_c99604 _d99604 |
||